LIBRARY & INFORMATION CENTRE, KCAET, TAVANUR

ONLINE PUBLIC ACCESS CATALOGUE (OPAC)

Infection diseases of domestic animals : with special reference to etiology, diagnosis,and biology therapy / (Record no. 2043)

MARC details
000 -LEADER
fixed length control field 00590cam a2200193ua 4500
041 ## - LANGUAGE CODE
Language code of text/sound track or separate title eng
082 ## - DEWEY DECIMAL CLASSIFICATION NUMBER
Classification number 636.089
Item number HAG/IN
100 ## - MAIN ENTRY--AUTHOR NAME
Personal name Hagan, William arthur .
245 ## - TITLE STATEMENT
Title Infection diseases of domestic animals : with special reference to etiology, diagnosis,and biology therapy /
250 ## - EDITION STATEMENT
Edition statement 1 /
260 ## - PUBLICATION, DISTRIBUTION, ETC. (IMPRINT)
Place of publication Newyork :
Name of publisher Comstock publishing associates ,
Year of publication 1961.
300 ## - PHYSICAL DESCRIPTION
Number of Pages 1023 ; .
700 1# - ADDED ENTRY--PERSONAL NAME
Personal name Bruner, Dorsey william .
942 ## - ADDED ENTRY ELEMENTS (KOHA)
Koha item type Books
Holdings
Withdrawn status Lost status Damaged status Home library Current library Date acquired Full call number Accession Number Koha item type
      KAUAET KAUAET 07/04/2012 636.089 5342 Books
free website counter